Music Quiz

Random Music or Song Quiz

Top 100 Songs (1971) Quiz Stats

Quiz Updated Oct 20, 2016

Challenge
Share
Tweet
Embed
Score 0/100 Timer 10:00
4 Plays Today
Song Artist % Correct
Maggie May/
Reason to Believe
Rod Stewart
89.1%
Brown SugarThe Rolling Stones
80.8%
Me and Bobby McGeeJanis Joplin
75.7%
Take Me Home, Country RoadsJohn Denver
74.9%
That's the Way I've Always Heard it Should BeCarly Simon
73.5%
Joy to the WorldThree Dog Night
73.2%
LiarThree Dog Night
73.2%
Gypsys, Tramps & ThievesCher
65.6%
My Sweet Lord/
Isn't It a Pity
George Harrison
64.2%
Proud MaryIke & Tina Turner
63.9%
Love Her MadlyThe Doors
63%
Riders on the StormThe Doors
63%
Won't Get Fooled AgainThe Who
62.8%
What's Going OnMarvin Gaye
61.9%
Mercy Mercy Me (The Ecology)Marvin Gaye
61.9%
You've Got a FriendJames Taylor
59.8%
It's Too Late/
I Feel the Earth Move
Carole King
59.1%
SuperstarThe Carpenters
58.4%
For All We KnowThe Carpenters
58.4%
Rainy Days and MondaysThe Carpenters
58.4%
Uncle Albert/ Admiral HalseyPaul & Linda McCartney
57.3%
Another Day/
Oh Woman, Oh Why
Paul McCartney
57.3%
Just My Imagination (Running Away With Me)The Temptations
55.3%
Knock Three TimesDawn
53.5%
She's a LadyTom Jones
50.8%
Never Can Say GoodbyeThe Jackson 5
50.7%
Mama's PearlThe Jackson 5
50.7%
How Can You Mend a Broken HeartBee Gees
50.5%
Lonely DaysBee Gees
50.5%
Wild WorldCat Stevens
47.3%
I Am…I SaidNeil Diamond
47.2%
Theme From 'Shaft'Isaac Hayes
44.9%
Spanish HarlemAretha Franklin
43.7%
Bridge Over Troubled WaterAretha Franklin
43.7%
Song Artist % Correct
One Bad AppleThe Osmonds
42.8%
Yo-YoThe Osmonds
42.8%
Go Away Little GirlDonny Osmond
42.7%
Sweet and InnocentDonny Osmond
42.7%
It Don't Come EasyRingo Starr
40.4%
Beginnings/
Colour My World
Chicago
40.1%
Ain't No SunshineBill Withers
38.4%
If You Could Read My MindGordon Lightfoot
35.2%
The Night They Drove Old Dixie DownJoan Baez
33.9%
If Not For YouOlivia Newton-John
32.9%
If You Really Love MeStevie Wonder
32.6%
Draggin' the LineTommy James
31.1%
IfBread
30.9%
Indian Reservation (The Lament of the Cherokee Reservation Indian)The Raiders
28.8%
Tired of Being AloneAl Green
28%
If I Were Your WomanGladys Knight & The Pips
25.6%
One Less Bell to AnswerThe 5th Dimension
22%
Rose GardenLynn Anderson
21.7%
Amos MosesJerry Reed
21.7%
When You're Hot, You're HotJerry Reed
21.7%
Mr. Big StuffJean Knight
20.8%
Mr. BojanglesNitty Gritty Dirt Band
20.8%
Doesn't Somebody Want to Be WantedThe Partridge Family
20%
I Woke Up in Love This MorningThe Partridge Family
20%
Me and You and a Dog Named BooLobo
18.9%
SignsFive Man Electrical Band
18.5%
Watching Scotty GrowBobby Goldsboro
18.2%
Help Me Make It Through the NightSammi Smith
17.4%
I Don't Know How to Love HimHelen Reddy
17.2%
(Where Do I Begin?) Love StoryAndy Williams
16.8%
Don't Pull Your LoveHamilton, Joe Frank & Reynolds
15.4%
I Just Want to CelebrateRare Earth
14.9%
Here Comes the SunRichie Havens
14.1%
Temptation EyesThe Grass Roots
13.7%
Song Artist % Correct
Amazing GraceJudy Collins
13.3%
I Hear You KnockingDave Edmunds
13.1%
One Toke Over the LineBrewer & Shipley
11.9%
Treat Her Like a LadyCornelius Brothers & Sister Rose
11%
Sweet City WomanThe Stampeders
10.6%
Do You Know What I MeanLee Michaels
9.7%
Want AdsHoney Cone
9.7%
Stick-UpHoney Cone
9.7%
Put Your Hand in the HandOcean
9.6%
Somos Novios (It's Impossible)Perry Como
8.9%
Smiling Faces SometimesThe Undisputed Truth
8.3%
The Wedding Song (There is Love)Paul Stookey
8.2%
Bring the Boys HomeFreda Payne
7.3%
WoodstockMatthews Southern Comfort
6.5%
Chick-a-BoomDaddy Dewdrop
6.2%
Here Comes That Rainy Day Feeling AgainThe Fortunes
5.7%
TimothyThe Buoys
5.5%
Groove MeKing Floyd
5.5%
Never Ending Song of LoveDelaney & Bonnie & Friends
5.4%
SuperstarMurray Head & The Trinidad Singers
5.1%
Don't Knock My LoveWilson Pickett
5.1%
Whatcha See is Whatcha GetThe Dramatics
5.1%
Stay AwhileThe Bells
4.8%
Easy LovingFreddie Hart
4%
Chirpy Chirpy Cheep CheepMac & Katie Kissoon
3.8%
Sweet MaryWadsworth Mansion
3.8%
I've Found Someone of My OwnThe Free Movement
3.4%
Funky NassauThe Beginning of the End
3.4%
I Love You for All SeasonsThe Fuzz
3.2%
Right on the Tip of My TongueBrenda & The Tabulations
3%
She's Not Just Another Woman8th Day
2.7%
Trapped By a Thing Called LoveDenise LaSalle
2.7%

You're not logged in!

Compare scores with friends on all Sporcle quizzes.
Join for Free
OR
Log In

You Might Also Like...

Show Comments

Extras

Top Quizzes Today


Score Distribution

Your Account Isn't Verified!

In order to create a playlist on Sporcle, you need to verify the email address you used during registration. Go to your Sporcle Settings to finish the process.

Report this User

Report this user for behavior that violates our Community Guidelines.

Details: